Les villes les plus peuplées des Bouches-du-Rhône - Statistiques

Statistiques générales
  • Ce quiz a été pris 658 fois
  • Le résultat moyen est 12 sur 20
Statistiques - réponses
Population Ville % Correct
797 491 Marseille
100%
134 324 Aix-en-Provence
97%
50 467 Arles
86%
42 681 Aubagne
81%
43 579 Martigues
81%
38 983 Istres
78%
37 098 Salon-de-Provence
75%
34 016 Marignane
72%
36 739 Vitrolles
69%
31 583 La Ciotat
68%
14 007 Fos-sur-Mer
53%
22 520 Miramas
47%
19 350 Gardanne
43%
18 943 Allauch
35%
17 106 Port-de-Bouc
35%
13 410 Berre-l'Étang
30%
19 022 Les Pennes-Mirabeau
29%
12 668 Tarascon
27%
12 356 Bouc-Bel-Air
25%
13 058 Châteaurenard
20%
Aucun quiz correspondant
Distribution des résultats
% des personnes avec chaque résultat
Percentile par nombre de réponses
Votre historique - résultats
Vous n’avez pas pris ce quiz